| 000 -ლიდერი |
| ფიქსირებული სიგრძის საკონტროლო ველი |
01179nam a2200241Ia 4500 |
| 001 - საკონტროლო ნომერი |
| საკონტროლო ველი |
4329 |
| 003 - საკონტროლო ნომრის იდენტიფიკატორი |
| საკონტროლო ველი |
GE_BSU |
| 005 - ბოლო ოპერაციის თარიღი და დრო |
| საკონტროლო ველი |
20191008171935.0 |
| 008 - ფიქსირებული სიგრძის მონაცემთა ელემენტები - ზოგადი ინფორმაცია |
| ფიქსირებული სიგრძის საკონტროლო ველი |
181216s1972||||ge |||||||||||||| ||geo|| |
| 040 ## - კატალოგიზაციის წყარო |
| Transcribing agency |
GE_BSU |
| 041 ## - ენის კოდი |
| Language code of text/sound track or separate title |
geo |
| 080 ## - უნივერსალური ათობითი კლასიფიკაციის ინდექსი |
| Universal Decimal Classification number |
821.353.1–91–1 ქ–27 |
| 245 ## - ცნობა სათაურის შესახებ |
| Title |
ქართული ხალხური პოეზია : |
| Remainder of title |
ტ. 1, ნაკვ. 2. მითოლოგიური ლექსები / |
| Statement of responsibility, etc |
ტომის შემდგ.: მიხ. ჩიქოვანი და ნ. შამანაძე. |
| 264 ## - წარმოების, გამოცემის, დისტრიბუციის და სხვა ცნობები |
| გამოცემის, წარმოების, დისტრიბუციის... ადგილი |
თბ. : |
| გამოცემის, წარმოების, დისტრიბუციის... სახელწოდება |
მეცნიერება, |
| გამოცემის, წარმოების, დისტრიბუციის... თარიღი |
1973. |
| 300 ## - ფიზიკური აღწერა |
| Extent |
446 გვ. : |
| Other physical details |
22 სმ. |
| 501 ## - შენიშვნა თანმხლებ მასალაზე |
| With note |
ლექსიკონი და საძიებლები გვ. 401-441. |
| 653 ## - INDEX TERM--UNCONTROLLED |
| Uncontrolled term |
ქართული ხალხური პოეზია |
| 653 ## - INDEX TERM--UNCONTROLLED |
| Uncontrolled term |
მითოლოგიური ლექსები |
| 700 ## - ADDED ENTRY--PERSONAL NAME |
| Personal name |
ვირსალაძე, ე. |
| Relator term |
რედაქტორი |
| 9 (RLIN) |
4635 |
| 700 ## - ADDED ENTRY--PERSONAL NAME |
| Personal name |
სიხარულიძე, ქ. |
| Relator term |
რედაქტორი |
| 9 (RLIN) |
4124 |
| 700 ## - ADDED ENTRY--PERSONAL NAME |
| Personal name |
ჩიქოვანი, მ. |
| Relator term |
რედაქტორი |
| 9 (RLIN) |
4636 |
| 942 ## - ADDED ENTRY ELEMENTS (KOHA) |
| Koha item type |
წიგნი |
| Source of classification or shelving scheme |
|